000 01081nam a2200337Ia 4500
003 OSt
005 20220912145037.0
006 a|||||r|||| 00| 0
007 ta
008 220909b |||||||| |||| 00| 0 eng d
020 _a9781588294487 (hbd)
024 _a82672
037 _b361, 02/01/2009, Ashutosh Technical Books
037 _cTextbook
040 _aCSL
_beng
_cCSL
041 _aeng
082 _aI:4, P7 TI
100 _aRonald Pamela C Ed.
245 0 _aPlant-pathogen interactions:methods and protocols
260 _aTotowa, New Jersey
_bHumana Press
_c2007
300 _axi, 248p.
_ccm.
490 _aMethods in molecular biology, 354
500 _aIncludes bibliographical references; Index 241-248p.
650 _a Gene expression regulation plant-immunology
650 _a Gene silencing
650 _a Immunity natural-genetics
650 _a Plant diseases-microbiology
650 _aBotany
942 _hI:4, P7 TI
_cTB
_2CC
999 _c21653
_d21653